[Event "Match"]
[Site "www.echecsemail.com"]
[Date "2018.05.02"]
[Round "1"]
[White "Chapi"]
[Black "Juheset"]
[WhiteElo "2130"]
[BlackElo "1809"]
[Result "0-1"]
[Round "1"]
1.d4 c6
2.c4 g6
3.Ng1f3 Ng8f6
4.Nb1c3 d5
5.Bc1g5 Nf6e4
6.cxd5 Ne4xg5
7.Nf3xg5 cxd5
8.e3 e5
9.dxe5 Qd8xg5
10.Qd1xd5 Bf8g7
11.Bf1b5 Nb8d7
12.Ra1d1 Qg5d8
13.e6 Bg7xc3
14.bxc3 fxe6
15.Qd5xe6 Qd8e7
16.Qe6d5 a6
17.Bb5a4 Ra8b8
18.Rd1d4 b5
19.Ba4b3 Nd7f6
20.Qd5c6 Kf8
21.O-O Bc8b7
22.Qc6b6 Kg7
23.Qb6d6 Qe7xd6
24.Rd4xd6 Nf6e4
25.Rd6d7 Kh6
26.Rf1c1 Rh8c8
27.c4 Ne4f6
28.Rd7f7 Nf6e4
29.Rc1c2 Rc8d8
30.f3 Rd8d1

0-1

[Event "1/128 Finale"]
[Site "www.chess-mail.com"]
[Date "2018.05.02"]
[Round "1"]
[White "Bojan"]
[Black "Julian"]
[WhiteElo "1960"]
[BlackElo "1870"]
[Result "1-0"]
[Round "1"]
1.b4 d5
2.e3 e5
3.a3 Ng8f6
4.Bc1b2 Bf8d6
5.c4 c6
6.c5 Bd6c7
7.f3 O-O
8.Bf1d3 Nb8d7
9.Nb1c3 d4
10.Nc3e4 Nf6d5
11.Ne4g3 dxe3
12.Ng1e2 exd2
13.Qd1xd2 Nd7f6
14.Ra1d1 Bc8e6
15.Ne2c3 Qd8e7
16.Ng3f5 Nd5xc3
17.Nf5xe7 Kh8
18.Bb2xc3 Rf8e8
19.Ne7f5 Ra8d8
20.g4 e4
21.Bc3xf6 Rd8xd3
22.Bf6xg7 Kg8
23.Qd2b2 Re8d8
24.Nf5e7 { resign }
1-0

[Event "Tourn. n9796"]
[Site "www.chess-mail.com"]
[Date "2018.05.03"]
[Round "1"]
[White "Reda"]
[Black "Reignblowcan"]
[WhiteElo "1800"]
[BlackElo "1849"]
[Result "0-1"]
[Round "1"]
1.d4 Ng8f6
2.Bc1f4 d5
3.Nb1c3 Bc8f5
4.Nc3b5 Nb8a6
5.e3 c6
6.Nb5c3 Qd8b6
7.Ra1b1 g6
8.Ng1f3 Nf6h5
9.Bf4g3 Bf8g7
10.Bf1xa6 Qb6xa6
11.Qd1e2 Qa6xe2
12.Kxe2 Nh5xg3
13.hxg3 Bf5xc2
14.Rb1c1 Bc2f5
15.Nf3g5 h5
16.Rc1c2 Bf5xc2
17.Kd2 Bc2f5
18.f3 e5
19.dxe5 Bg7xe5
20.f4 Be5f6
21.Ng5f3 O-O-O
22.Nf3d4 Bf6xd4
23.exd4 Rh8e8
24.Nc3a4 Re8e4
{ resign }
0-1

[Event "Tourn. n9724"]
[Site "www.chess-mail.com"]
[Date "2018.05.03"]
[Round "1"]
[White "Piriot"]
[Black "Stepanpech"]
[WhiteElo "2450"]
[BlackElo "2460"]
[Result "0-1"]
[Round "1"]
1.e4 c5
2.Ng1f3 d6
3.d4 cxd4
4.Nf3xd4 Ng8f6
5.Nb1c3 a6
6.Bc1e3 e5
7.Nd4b3 Bc8e6
8.Qd1d2 Nb8d7
9.f3 b5
10.g4 b4
11.Nc3d5 Be6xd5
12.exd5 Nd7b6
13.O-O-O Bf8e7
14.Qd2xb4 Nf6xd5
15.Be3xb6 Nd5xb6
16.f4 Qd8c7
17.fxe5 dxe5
18.Bf1g2 Be7xb4
{ resign }
0-1

[Event "Tourn. n9690"]
[Site "www.chess-mail.com"]
[Date "2018.05.03"]
[Round "1"]
[White "Sahlapalat"]
[Black "Falcoale"]
[WhiteElo "2090"]
[BlackElo "1920"]
[Result "1-0"]
[Round "1"]
1.Ng1f3 c5
2.c4 Nb8c6
3.g3 e6
4.Bf1g2 Ng8f6
5.O-O d5
6.cxd5 exd5
7.d4 cxd4
8.Nf3xd4 Bf8c5
9.Nd4b3 Bc5e7
10.Bc1g5 O-O
11.Nb1c3 Bc8e6
12.Nb3d4 Nc6xd4
13.Qd1xd4 b6
14.e3 h6
15.Bg5xf6 Be7xf6
16.Qd4d3 Bf6xc3
17.Qd3xc3 Ra8c8
18.Qc3d2 Rc8c5
19.Ra1c1 Qd8d6
20.b4 Rc5c7
21.Rc1xc7 Qd6xc7
22.Bg2xd5 Rf8d8
23.e4 Qc7e5
24.Rf1d1 Be6xd5
25.exd5 Rd8d6
26.a4 Qe5e8
27.b5 Qe8e4
28.Qd2d4 Qe4c2
29.Rd1d2 Qc2c7
30.Rd2e2 Qc7d7
31.Re2d2 Qd7e7
32.Kg2 Qe7d7
33.h4 Qd7e7
34.Rd2d3 Qe7d7
35.Qd4e4 Kh8
36.f4 Kg8
37.f5 Kh8
38.g4 Qd7d8
39.Kg3 Qd8c7
40.Kh3 Qc7d7
41.Qe4e5 f6
42.Qe5e4 Qd7d8
43.Kg2 Qd8d7
44.g5 hxg5
45.hxg5 fxg5
46.Rd3h3 Kg8
47.Rh3d3 Qd7d8
48.Kg3 Qd8c7
49.Kg4 Qc7d8
50.Qe4c4 Qd8e7
51.Rd3d2 Qe7e3
52.Qc4c8 Kf7
53.Qc8c7 Qe3e7
54.Qc7xe7 Kxe7
55.Kxg5 Kf7
56.Kf4 Kf6
57.Ke4 Rd6d8
58.d6 g6
59.fxg6 Kxg6
60.Kd5 Kf6
61.Rd2f2 Kg5
62.Kc6 Rd8c8
63.Kb7 Rc8c4
64.Rf2d2 Rc4f4
65.d7 { resign }
1-0

[Event "Tourn. n9696"]
[Site "www.chess-mail.com"]
[Date "2018.05.03"]
[Round "1"]
[White "Passaroa25"]
[Black "Julian"]
[WhiteElo "1670"]
[BlackElo "1760"]
[Result "0-1"]
[Round "1"]
1.Nb1c3 d5
2.d4 Ng8f6
3.f3 e6
4.e3 c5
5.Ng1e2 Nb8c6
6.Bc1d2 cxd4
7.Ne2xd4 Bf8d6
8.a3 a6
9.Bf1e2 Nc6xd4
10.exd4 O-O
11.O-O b5
12.Bd2e3 Bc8b7
13.Be2d3 e5
14.g4 e4
15.Bd3e2 exf3
16.Be2xf3 Nf6e4
17.Nc3e2 Qd8h4
18.Be3f4 Bd6xf4
19.Ne2xf4 g5
20.Nf4g2 Qh4h6
21.Ng2e3 f5
22.Qd1e2 f4
23.Ne3f5 Rf8xf5
24.gxf5 Ra8f8
25.Bf3g4 Bb7c8
26.Qe2g2 Bc8xf5
27.Bg4e2 Ne4f6
28.c3 Bf5e4
29.Qg2f2 Qh6h3
30.Be2f3 Be4xf3
31.Qf2xf3 Qh3xf3
32.Rf1xf3 Nf6e4
33.Ra1d1 h5
34.Kf1 g4
35.Rf3d3 f3
36.b4 Kg7
37.Rd1c1 Kg6
38.Rc1c2 Kf5
39.Rd3e3 Kf4
40.Re3xe4 Kxe4
41.Kf2 Kd3
42.Rc2c1 Rf8e8
43.Kg3 Re8e2
44.h4 Re2g2
45.Kf4 f2
46.Kg5 Rg2g1
47.Rc1xg1 fxg1Q
48.Kxh5 g3
49.Kg4 Kxc3
50.h5 g2
51.Kg3 Kxd4
52.h6 Qg1h1
53.h7 g1Q
54.Kf4 Qh1e4

0-1

[Event "Tourn. n9788"]
[Site "www.chess-mail.com"]
[Date "2018.05.03"]
[Round "1"]
[White "Ssharp"]
[Black "Hundegana"]
[WhiteElo "2180"]
[BlackElo "2040"]
[Result "0-1"]
[Round "1"]
1.e4 c5
2.Ng1f3 e6
3.Nb1c3 Ng8e7
4.Bf1c4 Nb8c6
5.O-O g6
6.d4 cxd4
7.Nf3xd4 Bf8g7
8.Bc1e3 O-O
9.Nd4e2 a6
10.f4 b5
11.Bc4d3 Bc8b7
12.a3 Ra8c8
13.Ra1c1 { time. }
0-1

[Event "Tourn. n9673"]
[Site "www.chess-mail.com"]
[Date "2018.05.03"]
[Round "1"]
[White "Rons"]
[Black "Jaroslavpech"]
[WhiteElo "2690"]
[BlackElo "2380"]
[Result "1/2-1/2"]
[Round "1"]
1.e4 c6
2.d4 d5
3.e5 Bc8f5
4.Ng1f3 e6
5.Bf1e2 c5
6.Bc1e3 cxd4
7.Nf3xd4 Ng8e7
8.Nb1d2 Nb8c6
9.Nd2f3 Bf5e4
10.O-O Be4xf3
11.Nd4xf3 Ne7f5
12.Be3f4 h6
13.Be2d3 g5
14.Bf4d2 g4
15.Nf3e1 h5
16.c3 Bf8g7
17.Qd1b3 Nc6xe5
18.Bd3xf5 exf5
19.Ra1d1 O-O
20.Bd2f4 Qd8c7
21.Ne1d3 Rf8e8
22.Bf4xe5 Bg7xe5
23.f4 Be5g7
24.Qb3xd5 Qc7b6
25.Kh1 Qb6e6
26.Qd5xb7 Qe6xa2
27.Qb7b5 Qa2e6
28.Rd1e1 a6
29.Qb5a4 Qe6c8
30.Re1xe8 Qc8xe8
31.Qa4xe8 Ra8xe8
32.Kg1 Re8d8
33.Rf1d1 a5
34.Nd3f2 Rd8b8
35.Rd1d2 a4
36.Nf2d1 Kh7
37.Rd2d5 Kg6
38.Kf2 Rb8a8
39.Rd5d6 f6
40.Nd1e3 a3
41.bxa3 Ra8xa3
42.Ne3d5 h4
43.Nd5e7 Kf7
44.Ne7xf5 Ra3a2
45.Kg1 Ra2a1
46.Kf2 Ra1a2
47.Kg1 Ra2a1
48.Kf2 Ra1a2
{ draw }
1/2-1/2

[Event "Tourn. n9805"]
[Site "www.echecsemail.com"]
[Date "2018.05.03"]
[Round "1"]
[White "Reignblowcan"]
[Black "Bojan"]
[WhiteElo "2069"]
[BlackElo "2040"]
[Result "1-0"]
[Round "1"]
1.d4 g6
2.h4 h5
3.e4 f6
4.Bf1d3 Bf8g7
5.e5 d6
6.Bd3xg6 Kf8
7.exf6 Ng8xf6
8.Ng1f3 Bc8g4
9.Nf3g5 Qd8d7
10.Qd1d3 e5
11.f3 Bg4e6
12.dxe5 Nf6d5
13.O-O Nd5f4
14.Bc1xf4 Nb8c6
15.exd6 cxd6
16.Bf4xd6 Nc6e7
17.Rf1e1 { resign }
1-0

[Event "Match"]
[Site "www.echecsemail.com"]
[Date "2018.05.03"]
[Round "1"]
[White "Liencam2"]
[Black "Fegatux"]
[WhiteElo "2300"]
[BlackElo "2029"]
[Result "1/2-1/2"]
[Round "1"]
1.e4 d6
2.d4 Ng8f6
3.Nb1c3 c6
4.f4 Qd8a5
5.Bf1d3 e5
6.Ng1f3 exd4
7.Nf3xd4 g6
8.O-O Qa5b6
9.Bc1e3 Nf6g4
10.Qd1f3 Ng4xe3
11.Qf3xe3 Bf8g7
12.Nc3e2 Bc8g4
13.c3 O-O
14.f5 Bg4xe2
15.Bd3xe2 Nb8d7
16.Kh1 Rf8e8
17.fxg6 hxg6
18.Qe3f4 Nd7f6
19.Qf4xd6 Ra8d8
20.Qd6a3 Re8xe4
21.Be2f3 Re4e8
22.Ra1e1 Bg7f8
23.Qa3b3 Qb6xb3
24.axb3 Kg7
25.b4 a6
26.Kg1 Bf8d6
27.Re1e2 Re8xe2
28.Nd4xe2 Bd6e5
29.Ne2c1 Be5f4
30.Nc1e2 Bf4e3
31.Kh1 Rd8d2
32.Rf1b1 Nf6d7
33.Ne2g3 f5
34.Ng3f1 Rd2d3
35.Nf1xe3 Rd3xe3
36.Kg1 Kf6
37.Kf2 Re3e5
38.c4 Re5e6
39.b5 Nd7e5
40.bxa6 bxa6
41.Bf3e2 Re6d6
42.c5 Rd6d2
43.Ke1 Rd2c2
44.b4 Rc2a2
45.Rb1d1 Ra2b2
46.Rd1d4 Kg5
47.Kf1 Rb2b1
48.Kf2 Rb1b2
49.Ke1 f4
50.h4 Kf5
51.Be2xa6 Rb2xg2
52.Ba6c8 Kf6
53.Rd4d6 Kg7
54.Bc8b7 Rg2b2
55.Bb7xc6 Rb2xb4
56.Bc6a8 Rb4b8
57.Rd6a6 Ne5d3
58.Ke2 Nd3xc5
59.Ra6a5 Nc5e6
60.Kf3 Rb8b3
61.Kf2 Rb3e3
62.Ra5a4 Re3e5
63.Ba8f3 Ne6c5
64.Ra4d4 Kh6
{ draw }
1/2-1/2

[Event "Tourn. n9810"]
[Site "www.echecsemail.com"]
[Date "2018.05.03"]
[Round "1"]
[White "Falcoale"]
[Black "Tonino1"]
[WhiteElo "1970"]
[BlackElo "1950"]
[Result "0-1"]
[Round "1"]
1.e4 d6
2.d4 Ng8f6
3.Nb1c3 c6
4.Bf1d3 e5
5.dxe5 dxe5
6.Ng1f3 Qd8c7
7.O-O Bf8e7
8.h3 O-O
9.Nc3e2 g6
10.Ne2g3 b6
11.Nf3h2 Bc8a6
12.f4 Ba6xd3
13.cxd3 Nb8d7
14.f5 Ra8d8
15.Nh2g4 Nd7c5
16.Bc1h6 Rd8xd3
17.Ng4xf6 Be7xf6
18.Qd1e2 Rd3xg3
19.Bh6xf8 Kxf8
20.fxg6 Rg3xg6
21.Ra1d1 Qc7c8
22.Rf1f3 Nc5e6
23.Qe2f2 Ne6f4
24.Kf1 Rg6xg2
25.Qf2e1 Qc8a6
26.Rf3d3 Nf4xd3
27.Qe1c3 Nd3f4
{ resign }
0-1

[Event "Match"]
[Site "www.echecsemail.com"]
[Date "2018.05.03"]
[Round "1"]
[White "Picifarkinca"]
[Black "Attatroll"]
[WhiteElo "1790"]
[BlackElo "1990"]
[Result "1-0"]
[Round "1"]
1.d4 f5
2.g3 Ng8f6
3.Bf1g2 c6
4.Ng1h3 e6
5.O-O Bf8e7
6.Nh3f4 O-O
7.Nf4d3 d5
8.Nb1d2 Nb8d7
9.c4 Nf6e4
10.c5 Nd7f6
11.Nd2f3 Bc8d7
12.Nf3e5 Bd7e8
13.f3 Ne4g5
14.Bc1xg5 h6
15.Bg5c1 Nf6d7
16.b4 Nd7xe5
17.Nd3xe5 Be7f6
18.Bc1b2 Bf6xe5
19.dxe5 h5
20.Qd1d4 g5
21.Ra1d1 h4
22.Bb2c3 hxg3
23.hxg3 Qd8e7
24.Kf2 Be8f7
25.Rf1h1 Kg7
26.a4 Rf8h8
27.Rh1xh8 Ra8xh8
28.Rd1h1 Rh8xh1
29.Bg2xh1 f4
30.Bh1g2 Bf7g6
31.e3 fxe3
32.Qd4xe3 Qe7f7
33.Qe3xg5 a6
34.Bc3d4 Kh7
35.Qg5f6 { resign }
1-0

[Event "Match"]
[Site "www.echecsemail.com"]
[Date "2018.05.03"]
[Round "1"]
[White "Fegatux"]
[Black "Paco"]
[WhiteElo "1499"]
[BlackElo "2050"]
[Result "1-0"]
[Round "1"]
1.d4 d5
2.c4 dxc4
3.e3 Bc8e6
4.Nb1c3 Ng8f6
5.Ng1f3 Nb8c6
6.Bf1e2 Qd8d6
7.O-O O-O-O
8.Qd1a4 a6
9.Be2xc4 Be6d7
10.Qa4c2 Nc6b4
11.Qc2d2 e6
12.a3 Nb4d5
13.Nf3e5 Bd7e8
14.f3 Nf6d7
15.Nc3e4 Qd6b6
16.Ne5xd7 Be8xd7
17.b4 f5
18.Ne4c5 Qb6a7
19.Bc1b2 b5
20.Bc4d3 h5
21.e4 fxe4
22.fxe4 Nd5f6
23.Ra1c1 Qa7b6
24.Nc5b3 Nf6g4
25.h3 Ng4f6
26.Nb3c5 g6
27.Rf1xf6 Bf8h6
28.Qd2e2 Rh8g8
29.Rc1f1 Rd8f8
30.Rf6f7 Rf8d8
31.a4 c6
32.a5 Qb6a7
33.e5 Qa7a8
34.Rf7h7 Bh6f8
35.Rf1f7 Bf8xc5
36.dxc5 Bd7e8
37.Rf7c7 Kb8
38.Rc7e7  { time }
1-0

[Event "Match"]
[Site "www.echecsemail.com"]
[Date "2018.05.03"]
[Round "1"]
[White "Lug47"]
[Black "Guillaumefi"]
[WhiteElo "1349"]
[BlackElo "1549"]
[Result "0-1"]
[Round "1"]
1.d4 Ng8f6
2.Nb1c3 d5
3.Ng1f3 g6
4.e3 Bf8g7
5.Bf1d3 Bc8g4
6.O-O O-O
7.h3 Bg4c8
8.Rf1e1 a6
9.e4 dxe4
10.Nc3xe4 Rf8e8
11.c4 Nb8c6
12.Re1e3 Nc6xd4
13.Nf3e5 Nf6xe4
14.Re3xe4 Bc8f5
15.Re4e3 Bg7xe5
16.Re3xe5 Bf5xd3
17.Qd1xd3 Nd4c6
18.Qd3e4 Nc6xe5
19.Bc1h6 f6
20.Ra1e1 Ne5f7
21.Qe4h4 Nf7xh6
22.Qh4xh6 f5
23.b4 Qd8d7
24.b5 axb5
{ resign }
0-1

[Event "Match"]
[Site "www.echecsemail.com"]
[Date "2018.05.03"]
[Round "1"]
[White "Bojan"]
[Black "Juheset"]
[WhiteElo "2040"]
[BlackElo "1809"]
[Result "0-1"]
[Round "1"]
1.e4 c6
2.d4 e5
3.dxe5 Qd8a5
4.Nb1c3 Qa5xe5
5.Ng1f3 Qe5e7
6.a3 g6
7.Qd1d4 f6
8.Bc1e3 Bf8g7
9.Qd4d2 Qe7f7
10.b3 Ng8e7
11.Bf1c4 Qf7f8
12.b4 b5
13.Bc4d3 f5
14.Ra1d1 d6
15.O-O Bc8e6
16.Nf3g5 Be6g8
17.Rf1e1 Qf8f6
18.Nc3e2 h6
19.Ng5f3 Nb8d7
20.Ne2d4 d5
21.exf5 g5
22.g4 a5
23.Nf3xg5 hxg5
24.Be3xg5 Qf6xd4
25.Re1xe7 Kf8
26.Re7xd7 Qd4xg4
27.Kh1 Bg7e5
28.f4 Qg4f3
29.Kg1 Be5d4
{ resign }
0-1

[Event "Match"]
[Site "www.echecsemail.com"]
[Date "2018.05.03"]
[Round "1"]
[White "Juheset"]
[Black "Caspito"]
[WhiteElo "1809"]
[BlackElo "1900"]
[Result "1-0"]
[Round "1"]
1.Ng1f3 Nb8c6
2.e4 e5
3.Bf1b5 Bf8c5
4.Bb5xc6 bxc6
5.Nf3xe5 Qd8f6
6.Ne5f3 Ng8h6
7.d4 Bc5b6
8.Nb1c3 d6
9.Bc1g5 Qf6g6
10.Qd1d3 Nh6g4
11.h3 Ng4f6
12.O-O-O Bc8b7
13.Qd3e3 c5
14.Nf3h4 cxd4
15.Nh4xg6 dxe3
16.Ng6xh8 exf2
17.Bg5xf6 gxf6
18.Nc3d5 Bb7a6
19.Nd5xf6 Ke7
20.Nf6d5 Ke6
21.Nd5f4 Kd7
22.Nh8xf7 Ra8f8
23.e5 f1Q
24.Rh1xf1 Rf8xf7
25.e6 Ke7
26.exf7 Kxf7
27.Nf4e2 Kg7
28.Rf1e1 Bb6f2
29.Ne2f4 Bf2xe1
30.Rd1xe1 Kf7
31.Nf4d5 c5
32.Re1e7 { resign }
1-0

[Event "Tourn. n9806"]
[Site "www.echecsemail.com"]
[Date "2018.05.03"]
[Round "1"]
[White "Tonino1"]
[Black "Juheset"]
[WhiteElo "1950"]
[BlackElo "1809"]
[Result "1-0"]
[Round "1"]
1.d4 e6
2.f4 d5
3.e3 c6
4.Bf1d3 g6
5.Ng1f3 Ng8f6
6.O-O Bf8d6
7.c3 Bc8d7
8.Nb1d2 c5
9.Nf3e5 c4
10.Bd3c2 b5
11.Ne5xd7 Nb8xd7
12.e4 dxe4
13.Nd2xe4 Nf6xe4
14.Bc2xe4 Ra8b8
15.a4 b4
16.Bc1e3 b3
17.Qd1e2 Qd8c7
18.g3 O-O
19.a5 f5
20.Be4g2 Nd7f6
21.Ra1a4 Nf6d5
22.Ra4xc4 Qc7xa5
23.Rc4c6 Rf8d8
24.Rc6a6 Qa5c7
25.Be3d2 Qc7c8
26.Rf1e1 Nd5c7
27.Ra6xa7 Kf7
28.Qe2c4 Rd8e8
29.Qc4c6 Qc8d8
30.c4 Re8e7
31.c5 Nc7b5
32.Ra7xe7 Bd6xe7
33.Qc6xe6 Kf8
34.Bg2d5 { resign }
1-0

[Event "Tourn. n9813"]
[Site "www.echecsemail.com"]
[Date "2018.05.03"]
[Round "1"]
[White "Tonino1"]
[Black "Reda"]
[WhiteElo "2000"]
[BlackElo "1800"]
[Result "1-0"]
[Round "1"]
1.d4 d5
2.f4 Bc8f5
3.e3 Nb8c6
4.c3 e6
5.Bf1d3 Bf5xd3
6.Qd1xd3 Bf8d6
7.Ng1f3 Ng8f6
8.O-O O-O
9.Nb1d2 Rf8e8
10.Nf3e5 Bd6xe5
11.fxe5 Nf6d7
12.Rf1f3 f6
13.Rf3h3 fxe5
14.Qd3xh7 Kf8
15.Nd2f3 e4
16.Nf3h4 Qd8e7
17.Nh4g6 { resign }
1-0

[Event "Tourn. n9813"]
[Site "www.echecsemail.com"]
[Date "2018.05.03"]
[Round "1"]
[White "Reda"]
[Black "Estonia"]
[WhiteElo "1800"]
[BlackElo "2000"]
[Result "0-1"]
[Round "1"]
1.d4 Ng8f6
2.Nb1c3 e6
3.Bc1f4 d5
4.Nc3b5 Bf8d6
5.Bf4xd6 cxd6
6.e3 a6
7.Nb5c3 Nb8c6
8.Bf1d3 Bc8d7
9.Qd1f3 Qd8a5
10.Qf3g3 O-O
11.Qg3xd6 Ra8d8
12.Ng1f3 Bd7c8
13.O-O Rd8xd6
14.Nf3e5 Nf6d7
15.Ne5f3 b5
16.a3 f6
17.Rf1e1 b4
18.axb4 Qa5xb4
19.Ra1xa6 Bc8xa6
{ resign }
0-1

[Event "1/128 Finale"]
[Site "www.chess-mail.com"]
[Date "2018.05.03"]
[Round "1"]
[White "Juheset"]
[Black "Tonino1"]
[WhiteElo "1809"]
[BlackElo "1950"]
[Result "0-1"]
[Round "1"]
1.Ng1f3 d6
2.e4 Ng8f6
3.Nb1c3 c6
4.d4 Qd8c7
5.Bc1e3 e5
6.Bf1c4 Bf8e7
7.dxe5 dxe5
8.Qd1d3 O-O
9.O-O-O Nf6g4
10.Rd1d2 Ng4xe3
11.fxe3 Bc8g4
12.h3 Rf8d8
13.Qd3e2 Rd8xd2
14.Qe2xd2 Bg4xf3
15.gxf3 Nb8d7
16.Rh1g1 g6
17.Nc3e2 b5
18.Bc4b3 Nd7c5
19.Qd2c3 Nc5xb3
20.Qc3xb3 a5
21.f4 a4
22.Qb3c3 b4
23.Qc3xe5 Qc7a7
24.Ne2d4 Qa7c5
25.Qe5xc5 Be7xc5
26.Rg1e1 Ra8c8
27.b3 a3
28.Nd4f3 Rc8e8
29.e5 f6
30.exf6 Re8xe3
31.f7 Kxf7
32.Re1xe3 Bc5xe3
33.Kd1 Be3xf4
34.Ke2 Ke6
35.Kd3 Kd5
36.c4 bxc3
37.Kxc3 Ke4
38.Nf3g1 g5
39.Kb4 Bf4d6
40.Kc4 Kf4
41.Ng1e2 Kf3
42.Ne2d4 Kg2
43.Nd4xc6 Kxh3
44.Nc6d4 g4
45.Nd4e2 g3
46.Kd5 Bd6f8
47.Ke4 g2
48.Kf5 h5
49.Kg5 h4
50.Ne2f4 Kg3
51.Nf4xg2 Bf8e7
52.Kf5 Kxg2
{ resign }
0-1

[Event "Fast Game"]
[Site "www.echecsemail.com"]
[Date "2018.05.03"]
[Round "1"]
[White "Juheset"]
[Black "Tonino1"]
[WhiteElo "1599"]
[BlackElo "1830"]
[Result "0-1"]
[Round "1"]
1.e3 d6
2.Bf1c4 Ng8f6
3.d4 g6
4.Nb1c3 Bf8g7
5.Nc3e2 O-O
6.h3 c6
7.Ng1f3 Qd8c7
8.b4 Nb8d7
9.c3 b5
10.Bc4d3 e5
11.dxe5 dxe5
12.Qd1c2 Rf8e8
13.Ne2g3 Nf6d5
14.Ng3e4 f5
15.Ne4g5 e4
16.Ng5xe4 fxe4
17.Bd3xe4 Re8xe4
18.Qc2xe4 Bg7xc3
19.Bc1d2 Bc3xa1
20.Qe4e8 Kg7
21.Nf3g5 Nd7e5
22.Ng5e6 Bc8xe6
23.Qe8xa8 Ba1c3
24.f4 Bc3xd2
25.Kxd2 Ne5c4
26.Ke2 Qc7b6
{ resign }
0-1

[Event "Fast Game"]
[Site "www.echecsemail.com"]
[Date "2018.05.03"]
[Round "1"]
[White "Dougbeer"]
[Black "Juheset"]
[WhiteElo "1599"]
[BlackElo "1599"]
[Result "1-0"]
[Round "1"]
1.e4 c5
2.c3 Nb8c6
3.d4 cxd4
4.cxd4 e6
5.Ng1f3 g6
6.Nb1c3 Bf8g7
7.Bc1e3 d5
8.Qd1d2 Qd8b6
9.exd5 Nc6e7
10.Bf1b5 Kf8
11.dxe6 Qb6xe6
12.d5 Qe6d6
13.O-O Ng8f6
14.Be3f4 Qd6b4
15.a3 Qb4c5
16.d6 Ne7c6
17.d7 Nf6xd7
18.Bf4d6 Nc6e7
19.Bd6xc5 Nd7xc5
20.Qd2d8 
1-0

[Event "Tourn. n9748"]
[Site "www.chess-mail.com"]
[Date "2018.05.04"]
[Round "1"]
[White "Claymil"]
[Black "Caroluigi"]
[WhiteElo "1980"]
[BlackElo "1800"]
[Result "0-1"]
[Round "1"]
1.c4 e5
2.Nb1c3 Ng8f6
3.g3 Bf8c5
4.e3 O-O
5.Bf1g2 Rf8e8
6.Ng1e2 c6
7.O-O d5
8.cxd5 cxd5
9.d4 exd4
10.Ne2xd4 Bc5xd4
11.Qd1xd4 Nb8c6
12.Qd4d2 Bc8e6
13.a3 Nc6a5
14.Qd2c2 Ra8c8
15.Rf1d1 Re8e7
16.Bc1d2 d4
17.exd4 Be6b3
18.Qc2f5 Bb3xd1
19.Ra1xd1 Na5c4
20.Bd2g5 Nc4d6
21.Qf5d3 Nd6c4
22.Qd3c2 Qd8b6
23.Bg5c1 Rc8e8
24.Bc1e3 Nc4xe3
25.fxe3 Re7xe3
26.b4 Re3e1
27.Bg2f1 Qb6e6
28.Qc2d2 Re1xd1
29.Nc3xd1 Qe6b6
30.Nd1c3 Re8d8
31.Nc3e2 Nf6e4
32.Qd2e3 Ne4d6
33.Ne2f4 Nd6f5
34.Qe3f2 Qb6xd4
35.g4 Qd4xf2
36.Kxf2 Nf5d4
37.Bf1d3 Nd4e6
38.Nf4xe6 Rd8xd3
39.Ne6c5 Rd3xa3
40.Nc5xb7 Ra3b3
{ resign }
0-1

[Event "Tourn. n9772"]
[Site "www.chess-mail.com"]
[Date "2018.05.04"]
[Round "1"]
[White "Joaodelisboa"]
[Black "Fegatux"]
[WhiteElo "2160"]
[BlackElo "2290"]
[Result "1-0"]
[Round "1"]
1.e4 d6
2.d4 Ng8f6
3.Nb1c3 c6
4.f3 e6
5.Ng1e2 Bf8e7
6.Ne2g3 Qd8a5
7.Bc1d2 Qa5b6
8.Bd2c1 O-O
9.Bf1e2 Nb8d7
10.Ra1b1 a5
11.Qd1d3 Qb6c7
12.O-O b5
13.b3 b4
14.Nc3a4 Bc8a6
15.Qd3e3 Ba6b5
16.Be2xb5 cxb5
17.Na4b2 Qc7xc2
18.Bc1d2 Qc2c7
19.Rb1c1 Qc7b7
20.Rc1c2 Rf8c8
21.Rf1c1 Rc8xc2
22.Rc1xc2 Ra8c8
23.Rc2xc8 Qb7xc8
24.Qe3d3 Qc8c6
25.Ng3e2 h6
26.g3 e5
27.d5 Qc6b6
28.Bd2e3 Nd7c5
29.Qd3d2 Nf6d7
30.Kg2 Kh7
31.Nb2d3 Be7f8
32.g4 g6
33.h4 f6
34.Ne2g3 Qb6c7
35.Nd3f2 Nd7b8
36.h5 g5
37.Qd2c2 a4
38.Ng3f5 Nb8a6
39.Nf2d1 axb3
40.axb3 Qc7a5
41.Be3c1 Qa5a1
42.Kg3 Na6b8
43.Kg2 Nb8d7
44.Kg3 Kg8
45.Kg2 Kf7
46.Kg3 Ke8
47.Kh3 Kd8
48.Nf5e3 Qa1d4
49.Qc2a2 Nc5d3
50.Qa2a8 Ke7
51.Ne3f5 Kf7
52.Nf5xd4 exd4
53.Qa8b7 Ke7
54.Bc1d2 { resign }
1-0

[Event "Tourn. n9763"]
[Site "www.chess-mail.com"]
[Date "2018.05.04"]
[Round "1"]
[White "Falcoale"]
[Black "Malbertan"]
[WhiteElo "1850"]
[BlackElo "2010"]
[Result "0-1"]
[Round "1"]
1.e4 d6
2.Ng1f3 Ng8f6
3.Nb1c3 Bc8g4
4.h3 Bg4h5
5.d3 c5
6.Bf1e2 Nb8c6
7.O-O e6
8.Bc1g5 Bf8e7
9.Rf1e1 Bh5xf3
10.Be2xf3 Nc6d4
11.b3 O-O
12.Nc3a4 b5
13.Na4b2 Nf6d7
14.Bg5xe7 Qd8xe7
15.c3 Nd4xf3
16.Qd1xf3 Nd7e5
17.Qf3e2 a6
18.f4 Ne5c6
19.Ra1d1 e5
20.f5 Qe7g5
21.Re1f1 Nc6d8
22.c4 f6
23.Rf1f3 Qg5h5
24.Qe2f2 Nd8c6
25.Kh2 Nc6d4
26.Rf3g3 Qh5f7
27.Rd1c1 Qf7h5
28.Nb2d1 Nd4e2
29.Rc1a1 Ne2xg3
30.Qf2xg3 bxc4
31.dxc4 Qh5g5
32.Qg3xg5 fxg5
33.Nd1e3 a5
34.Ne3d5 a4
35.Nd5c7 axb3
36.Nc7xa8 Rf8xa8
37.a4 b2
38.Ra1b1 Ra8xa4
39.Rb1xb2 Ra4xc4
40.Rb2e2 Rc4d4
41.g4 c4
42.Kg2 c3
43.Kf2 Kf7
44.Ke3 Ke7
45.Re2c2 Rd4d2
46.Rc2xd2 cxd2
47.Kxd2 d5
48.exd5 Kd6
49.Ke3 Kxd5
50.Kf3 Kd4
51.Ke2 e4
{ resign }
0-1

[Event "Tourn. n9811"]
[Site "www.echecsemail.com"]
[Date "2018.05.04"]
[Round "1"]
[White "Ermejo69"]
[Black "Fantomas"]
[WhiteElo "2039"]
[BlackElo "2180"]
[Result "1-0"]
[Round "1"]
1.d4 d5
2.c4 e6
3.Ng1f3 Ng8f6
4.Bc1g5 Bf8e7
5.Nb1c3 h6
6.Bg5h4 O-O
7.e3 c6
8.Bf1d3 b6
9.O-O Bc8b7
10.Ra1c1 Nf6g4
11.Bh4xe7 Qd8xe7
12.cxd5 exd5
13.Rf1e1 Ng4f6
14.e4 dxe4
15.Nc3xe4 Nf6xe4
16.Bd3xe4 Qe7f6
17.Nf3e5 Rf8c8
18.Rc1c3 Qf6d6
19.Qd1b3 Rc8c7
20.Ne5xf7 { resign }
1-0

[Event "Tourn. n9805"]
[Site "www.echecsemail.com"]
[Date "2018.05.04"]
[Round "1"]
[White "Piekki"]
[Black "Reignblowcan"]
[WhiteElo "2210"]
[BlackElo "2069"]
[Result "0-1"]
[Round "1"]
1.e4 e5
2.Ng1f3 Nb8c6
3.Bf1b5 Ng8f6
4.d3 Bf8c5
5.O-O Nc6d4
6.Nf3xd4 Bc5xd4
7.c3 Bd4b6
8.Bc1e3 Bb6xe3
9.fxe3 c6
10.Bb5a4 Qd8b6
11.Qd1e2 d6
12.Ba4b3 a5
13.Rf1xf6 gxf6
14.Qe2h5 Qb6xe3
{ resign }
0-1

[Event "Tourn. n9806"]
[Site "www.echecsemail.com"]
[Date "2018.05.04"]
[Round "1"]
[White "Juheset"]
[Black "Falcoale"]
[WhiteElo "1809"]
[BlackElo "1950"]
[Result "0-1"]
[Round "1"]
1.d4 Ng8f6
2.f4 e6
3.c4 b6
4.Ng1f3 Bc8a6
5.e3 d5
6.b3 Nf6e4
7.g3 Bf8b4
8.Bc1d2 Ne4xd2
9.Nb1xd2 O-O
10.Qd1c2 Qd8f6
11.Nf3g5 g6
12.O-O-O Nb8c6
13.cxd5 Ba6xf1
14.Qc2xc6 Bf1g2
15.Rh1g1 Bg2xd5
16.Qc6xc7 Ra8c8
17.Qc7xc8 Rf8xc8
18.Kb1 h6
19.Ng5e4 Bd5xe4
20.Nd2xe4 Qf6f5
21.g4 Qf5xe4
22.Kb2 Qe4c2
23.Ka1 Bb4c3
{ resign }
0-1

[Event "Match"]
[Site "www.echecsemail.com"]
[Date "2018.05.04"]
[Round "1"]
[White "Lucid1963"]
[Black "Jackbauer"]
[WhiteElo "1599"]
[BlackElo "1840"]
[Result "1-0"]
[Round "1"]
1.e4 c5
2.Nb1c3 e6
3.f4 Nb8c6
4.Ng1f3 Bf8d6
5.d4 b6
6.Nc3b5 Bd6b8
7.Bf1d3 a6
8.Nb5c3 d6
9.Bc1e3 Ng8e7
10.Qd1d2 h6
11.O-O Ne7g6
12.d5 exd5
13.Nc3xd5 O-O
14.a3 Bc8e6
15.f5 Be6xf5
16.exf5 Ng6e7
17.Nd5f6 Kh8
18.Be3xh6 Ne7g8
19.Bh6xg7 Kxg7
20.Qd2g5 Kh8
21.Qg5h4 Kg7
22.Nf6h5 Kh8
23.f6 Ng8h6
24.Qh4g5 Nh6g8
25.Qg5g7 
1-0

[Event "Tourn. n9811"]
[Site "www.echecsemail.com"]
[Date "2018.05.04"]
[Round "1"]
[White "Ll69"]
[Black "Fantomas"]
[WhiteElo "2180"]
[BlackElo "2180"]
[Result "1-0"]
[Round "1"]
1.d4 d5
2.c4 e6
3.Ng1f3 Ng8f6
4.Bc1g5 Bf8e7
5.Nb1c3 h6
6.Bg5h4 O-O
7.e3 c6
8.Bf1d3 b6
9.O-O Bc8b7
10.cxd5 exd5
11.Qd1c2 Nf6g4
12.Bh4xe7 Qd8xe7
13.Rf1e1 Nb8a6
14.Bd3xa6 Bb7xa6
15.e4 dxe4
16.Nc3xe4 Qe7b7
17.h3 Ng4f6
18.Ne4xf6 gxf6
19.Qc2f5 Kg7
20.Re1e4 { resign }
1-0

[Event "Match"]
[Site "www.echecsemail.com"]
[Date "2018.05.04"]
[Round "1"]
[White "Lug47"]
[Black "Iko"]
[WhiteElo "1499"]
[BlackElo "1770"]
[Result "0-1"]
[Round "1"]
1.e4 e5
2.Ng1f3 d6
3.c3 Bc8g4
4.Bf1e2 Bg4xf3
5.Be2xf3 g5
6.d4 Nb8c6
7.dxe5 Nc6xe5
8.O-O Qd8f6
9.Rf1e1 O-O-O
10.b3 Ng8h6
11.Nb1d2 g4
12.Bf3e2 d5
13.h3 gxh3
14.exd5 hxg2
15.Nd2e4 Qf6h4
16.d6 Qh4h1
{ resign }
0-1

[Event "Match"]
[Site "www.echecsemail.com"]
[Date "2018.05.04"]
[Round "1"]
[White "Witpar"]
[Black "Fegatux"]
[WhiteElo "2670"]
[BlackElo "2099"]
[Result "1-0"]
[Round "1"]
1.d4 Ng8f6
2.c4 d6
3.Nb1c3 g6
4.e4 Bf8g7
5.f3 O-O
6.Bc1e3 Nb8d7
7.Qd1d2 e5
8.Ng1e2 a6
9.d5 b6
10.Ne2g3 a5
11.Bf1d3 Nd7c5
12.Bd3c2 Nf6e8
13.O-O Bc8a6
14.b3 Ne8f6
15.Ra1b1 Qd8d7
16.a3 Ba6c8
17.b4 axb4
18.axb4 Nc5a6
19.Bc2a4 Qd7e7
20.Ba4c6 Ra8b8
21.Rb1b3 Bc8d7
22.Bc6xd7 Qe7xd7
23.Rf1a1 Rb8a8
24.Rb3a3 Qd7c8
25.b5 Na6c5
26.Ra3xa8 Qc8xa8
27.Ra1xa8 Rf8xa8
28.Be3xc5 bxc5
29.b6 cxb6
30.Qd2b2 Bg7h6
31.Qb2xb6 Bh6e3
32.Kf1 Nf6e8
33.Nc3b5 Ra8a1
34.Ke2 Be3d4
35.Qb6d8 Ra1a2
36.Kd3 { resign }
1-0